<?xml version="1.0" encoding="UTF-8"?>
<collection xmlns="http://www.loc.gov/MARC21/slim">
    <record>
        <controlfield tag="001">56667</controlfield>
        <controlfield tag="005">20161006102717.0</controlfield>
        <datafield tag="024" ind1="8" ind2=" ">
            <subfield code="2">sideral</subfield>
            <subfield code="a">95809</subfield>
        </datafield>
        <datafield tag="037" ind1=" " ind2=" ">
            <subfield code="a">ART-2015-95809</subfield>
        </datafield>
        <datafield tag="041" ind1=" " ind2=" ">
            <subfield code="a">spa</subfield>
        </datafield>
        <datafield tag="100" ind1=" " ind2=" ">
            <subfield code="0">(orcid)0000-0003-0088-2261</subfield>
            <subfield code="a">Zarza Alzugaray, Francisco Javier</subfield>
            <subfield code="u">Universidad de Zaragoza</subfield>
        </datafield>
        <datafield tag="245" ind1=" " ind2=" ">
            <subfield code="a">Ansiedad escénica en estudiantes de instrumentos de cuerda en España. Variables de afrontamiento y pedagógicas explicativas</subfield>
        </datafield>
        <datafield tag="260" ind1=" " ind2=" ">
            <subfield code="c">2015</subfield>
        </datafield>
        <datafield tag="506" ind1="0" ind2=" ">
            <subfield code="a">Access copy available to the general public</subfield>
            <subfield code="f">Unrestricted</subfield>
        </datafield>
        <datafield tag="520" ind1="3" ind2=" ">
            <subfield code="a">La ansiedad escénica constituye uno de los principales retos al que los estudiantes de música deben hacer frente en su práctica diaria, llegándose a convertir en problema si su nivel es excesivo. Este tema en España apenas ha recibido atención investigadora y resulta clave saber qué variables de tipo personal y pedagógico influyen en la presencia de mayores o menores niveles de ansiedad escénica. Con una muestra de 125 estudiantes del Título Superior de Música, instrumentistas de cuerda frotada todos ellos, se pretende constatar la presencia de este problema en 6 centros formativos españoles. Dentro del marco teórico de ansiedad de Barlow (2000), se busca analizar la capacidad explicativa que puedan tener variables pedagógicas, como los años de estudio o los conciertos ofrecidos, y las conductas de afrontamiento, como el consumo de sustancias o los pensamientos de abandono. Los resultados muestran cómo la ansiedad escénica existente es independiente de los años de estudio, mientras que puede ser explicada por la interacción de variables pedagógicas y de las conductas de afrontamiento. Más estudio es necesario para que en un futuro se propongan mejoras tanto de los planes de estudio como de las prácticas docentes.</subfield>
        </datafield>
        <datafield tag="540" ind1=" " ind2=" ">
            <subfield code="9">info:eu-repo/semantics/openAccess</subfield>
            <subfield code="a">by-nc</subfield>
            <subfield code="u">http://creativecommons.org/licenses/by-nc/3.0/es/</subfield>
        </datafield>
        <datafield tag="655" ind1=" " ind2="4">
            <subfield code="a">info:eu-repo/semantics/article</subfield>
            <subfield code="v">info:eu-repo/semantics/publishedVersion</subfield>
        </datafield>
        <datafield tag="700" ind1=" " ind2=" ">
            <subfield code="0">(orcid)0000-0002-8263-3447</subfield>
            <subfield code="a">Casanova López, Oscar</subfield>
            <subfield code="u">Universidad de Zaragoza</subfield>
        </datafield>
        <datafield tag="700" ind1=" " ind2=" ">
            <subfield code="0">(orcid)0000-0001-6492-2248</subfield>
            <subfield code="a">Orejudo Hernández, Santos</subfield>
            <subfield code="u">Universidad de Zaragoza</subfield>
        </datafield>
        <datafield tag="710" ind1="2" ind2=" ">
            <subfield code="1">4009</subfield>
            <subfield code="2">735</subfield>
            <subfield code="a">Universidad de Zaragoza</subfield>
            <subfield code="b">Departamento de Psicología y Sociología</subfield>
            <subfield code="c">Psicología Evolutiva y de la Educación</subfield>
        </datafield>
        <datafield tag="710" ind1="2" ind2=" ">
            <subfield code="1">3001</subfield>
            <subfield code="2">189</subfield>
            <subfield code="a">Universidad de Zaragoza</subfield>
            <subfield code="b">Departamento de Expresión Musical, Plástica y Corporal</subfield>
            <subfield code="c">Didáctica de la Expresión Musical</subfield>
        </datafield>
        <datafield tag="773" ind1=" " ind2=" ">
            <subfield code="g">2 (2015), 57-72</subfield>
            <subfield code="p">Rev. int. investig. innov. didáct. humanid. cienc.</subfield>
            <subfield code="t">Revista internacional de investigación e innovación en didáctica das humanidades e das ciencias</subfield>
            <subfield code="x">2386-7795</subfield>
        </datafield>
        <datafield tag="856" ind1="4" ind2=" ">
            <subfield code="s">303024</subfield>
            <subfield code="u">http://zaguan.unizar.es/record/56667/files/texto_completo.pdf</subfield>
            <subfield code="y">Versión publicada</subfield>
        </datafield>
        <datafield tag="856" ind1="4" ind2=" ">
            <subfield code="s">103310</subfield>
            <subfield code="u">http://zaguan.unizar.es/record/56667/files/texto_completo.jpg?subformat=icon</subfield>
            <subfield code="x">icon</subfield>
            <subfield code="y">Versión publicada</subfield>
        </datafield>
        <datafield tag="909" ind1="C" ind2="O">
            <subfield code="o">oai:zaguan.unizar.es:56667</subfield>
            <subfield code="p">articulos</subfield>
            <subfield code="p">driver</subfield>
        </datafield>
        <datafield tag="951" ind1=" " ind2=" ">
            <subfield code="a">2016-09-28-08:13:16</subfield>
        </datafield>
        <datafield tag="980" ind1=" " ind2=" ">
            <subfield code="a">ARTICLE</subfield>
        </datafield>
    </record>

    
</collection>